000 01026nam a2200313Ia 4500
001 Para_297
003 CHAP
008 220125s1993 xx 000 0 und d
010 _a199052
040 _cCHAP
090 _aPA FOLLETO 3218
100 _aAyala Sanchez, Alejandro
_98976
245 _aPasto llanero (Andrpogon gayanus Kunth) para el mejoramiento de la ganadería extensiva de la zona Henequenera /
_c por Alajandro Ayala Sanchez y Jorge A. Basulto Graniel
260 _aMerida, Yuc. :
_b INIFAP. Campo Experimental Zona Henequenera
300 _a15 p.
410 _aFolleto técnico; 4
650 _aPastos
_985986
650 _aPastos Forrajeros
_986094
700 _a
700 _aI. Basulto Graniel, Jorge A.
_9164371
710 _aII. INIFAP. México. Campo Experimental Zona Henequenera
_9164372
901 _aPA FOLLETO 3218
902 _aA
905 _a0000001993 0000000000 00
910 _a1993
942 _cPARA
942 _cPARA
_d1
999 _c199052
_d199052